Place names of Atlantic Canada /

Bibliographic Details
Main Author: Hamilton, William B. (William Baillie), 1930-
Format: Book
Language:English
Published: Toronto : University of Toronto Press, [1996]
Subjects:

MARC

Tag First Indicator Second Indicator Subfields
LEADER 00000cam a2200000 a 4500
001 in00001320175
005 20151005090607.0
008 960417s1996 oncb b 000 0 eng d
010 |a cn 96930845  
015 |a C96-930845-0 
020 |a 0802004717 (bound) :  |c $60.00 
020 |a 0802075703 (pbk.) :  |c $24.95 
035 |a (OCoLC)35940787 
035 |9 AHE1704AM 
040 |a CaOTU  |b eng  |c NLC  |d TXA  |d UtOrBLW 
043 |a n-cnm-- 
049 |a TXAM 
055 1 3 |a FC2002 
055 0 1 |a FC2002 
082 0 0 |a 917.15/003  |2 20 
090 |a F1035.8  |b .H36 1996 
100 1 |a Hamilton, William B.  |q (William Baillie),  |d 1930- 
245 1 0 |a Place names of Atlantic Canada /  |c William B. Hamilton. 
264 1 |a Toronto :  |b University of Toronto Press,  |c [1996] 
264 4 |c ©1996 
300 |a x, 502 pages :  |b map ;  |c 24 cm. 
336 |a text  |b txt  |2 rdacontent 
337 |a unmediated  |b n  |2 rdamedia 
338 |a volume  |b nc  |2 rdacarrier 
504 |a Includes bibliographical references. 
650 0 |a Names, Geographical  |z Atlantic Provinces. 
999 |a MARS 
999 f f |s b9721b16-ceb6-33ab-a655-9bab40affbcb  |i c8782e46-4887-38fa-b42a-e43e88250f36  |t 0 
952 f f |p ric  |a Texas A&M University  |b Rellis Campus  |c Joint Library Facility  |d Remote Storage  |t 0  |e F1035.8 .H36 1996  |h Library of Congress classification  |i unmediated -- volume  |m A14820585378 
998 f f |a F1035.8 .H36 1996  |t 0  |l Remote Storage